Football - Les coéquipiers français de Lionel Messi - Statistiques

Statistiques générales
  • Ce quiz a été pris 450 fois
  • Le résultat moyen est 11 sur 25
Statistiques - réponses
Club et poste Nombre de minutes jouées ensemble Réponse % Correct
PSG (ATT) 5331 minutes jouées Kylian MBAPPE
96%
FC Barcelone (ATT) 4983 minutes jouées Ousmane DEMBÉLÉ
91%
PSG (DEF) 3192 minutes jouées Presnel KIMPEMBE
85%
FC Barcelone (ATT) 5983 minutes jouées Antoine GRIEZMANN
83%
FC Barcelone (DEF) 9652 minutes jouées Samuel UMTITI
82%
FC Barcelone (DEF) 4870 minutes jouées Jérémy MATHIEU
74%
FC Barcelone (DEF) 12058 minutes jouées Éric ABIDAL
73%
FC Barcelone (ATT) 5705 minutes jouées Thierry HENRY
68%
PSG (MIL) 819 minutes jouées Warren ZAÏRE-EMERY
66%
FC Barcelone (DEF) 8554 minutes jouées Clément LENGLET
65%
FC Barcelone (DEF) 2204 minutes jouées Lucas DIGNE
61%
FC Barcelone (ATT) 906 minutes jouées Ludovic GIULY
40%
PSG (ATT) 819 minutes jouées Hugo EKITIKE
29%
FC Barcelone (DEF) 2781 minutes jouées Lilian THURAM
28%
PSG (DEF) 80 minutes jouées Colin DAGBA
25%
FC Barcelone (DEF) 73 minutes jouées Jean-Clair TODIBO
25%
PSG (DEF) 931 minutes jouées Nordi MUKIELE
25%
PSG (GB) 17 minutes jouées Alexandre LETELLIER
23%
PSG (MIL) 27 minutes jouées Edouard MICHUT
13%
PSG (DEF) 200 minutes jouées Timothée PEMBÉLÉ
13%
PSG (DEF) 498 minutes jouées El-Chadaille BITSHIABU
11%
PSG (ATT) 6 minutes jouées Arnaud KALIMUENDO
7%
PSG (DEF) 74 minutes jouées Eric-Junior DINA EBIMBE
6%
PSG (ATT) 1 minute jouée Djeidi GASSAMA
2%
PSG (ATT) 15 minutes jouées Sekou YANSANÉ
1%
Aucun quiz correspondant
Distribution des résultats
% des personnes avec chaque résultat
Percentile par nombre de réponses
Votre historique - résultats
Vous n’avez pas pris ce quiz